Contas governamentais e responsabilidade fiscal : (Record no. 141)
[ view plain ]
| 000 -LÍDER | |
|---|---|
| Campo Fixo de Controle | 01189cam a2200289 a 4500 |
| 001 - NÚMERO DE CONTROLE | |
| Campo de Controle | 141 |
| 003 - IDENTIFICAÇÃO DO NÚMERO DE CONTROLE | |
| Campo de Controle | BR-CuiBMT |
| 005 - DATA E HORA DA ÚLTIMA ATUALIZAÇÃO | |
| Campo de Controle | 20231114181006.0 |
| 008 - DADOS FIXOS | |
| Dados Fixos | 230821s2018 mgba 000 0 por d |
| 020 ## - INTERNATIONAL STANDARD BOOK NUMBER | |
| Nº do ISBN | 9788545002468 |
| 040 ## - AGÊNCIA CATALOGADORA | |
| Código da Agência Catalogadora | BR-CuiBMT |
| Agência que transcreveu o registro | BR-CuiBMT |
| 080 ## - Nº DA CLASSIFICAÇÃO DECIMAL UNIVERSAL | |
| Nº edição CDU | 2007 |
| Nº Class. CDU | 336.13:657.63 |
| 090 ## - NÚMERO DE CHAMADA | |
| Nº classificação | 336.13:657.63 |
| Cutter | C759 |
| 245 00 - TÍTULO PRINCIPAL | |
| Título principal | Contas governamentais e responsabilidade fiscal : |
| Subtítulo | desafios para o controle externo - estudos de ministros e conselheiros substitutos dos tribunais de contas / |
| Indicação de responsabilidade | Luiz Henrique Lima, Weder de Oliveira, João Batista Camargo, coordenadores ; Juarez Freitas, prefácio ; [autores Alexandre Manir Figueiredo Sarquis ... et al.]. |
| 260 ## - PUBLICAÇÃO, DISTRIBUIÇÃO, ETC. | |
| Local de publicação | Belo Horizonte : |
| Editora | Fórum, |
| Data | 2017. |
| 300 ## - DESCRIÇÃO FÍSICA | |
| N. páginas ou volumes | 371 p. : |
| Ilustrações | il. ; |
| Dimensões | 22 cm |
| 500 ## - NOTAS GERAIS | |
| Notas gerais | Vários autores. |
| 504 ## - NOTA DE BIBLIOGRAFIA, ETC. | |
| Nota de bibliografia | Inlcui bibliografia. |
| 590 ## - NOTA LOCAL | |
| Nota local | A Biblioteca possui a 1. reimpr. 2018. |
| 650 ## - ASSUNTO TÓPICO | |
| Cabeçalho tópico ou nome geográfico | Contas públicas |
| Subdivisão geral | Controle |
| Subdivisão geográfica | Brasil |
| 650 ## - ASSUNTO TÓPICO | |
| Cabeçalho tópico ou nome geográfico | Responsabilidade fiscal |
| Subdivisão geográfica | Brasil |
| 650 ## - ASSUNTO TÓPICO | |
| Cabeçalho tópico ou nome geográfico | Controle externo |
| Subdivisão geográfica | Brasil |
| 700 1# - ENTRADA SECUNDÁRIA -- NOME PESSOAL | |
| Nome pessoal | Oliveira, Weder de |
| Cód. do termo explicativo | coord. |
| 700 1# - ENTRADA SECUNDÁRIA -- NOME PESSOAL | |
| Nome pessoal | Camargo, João Batista |
| Cód. do termo explicativo | coord. |
| 700 1# - ENTRADA SECUNDÁRIA -- NOME PESSOAL | |
| Nome pessoal | Sarquis, Alexandre Manir Figueiredo |
| Termo de relação | et al. |
| -- | autores |
| 942 ## - ELEMENTOS DE ENTRADA ADICIONAIS (KOHA) | |
| Fonte de classificação ou esquema de arquivamento | Classificação Decimal Universal |
| Tipo de item do Koha | Livros |
| Estado: removido | Estado: perdido | Fonte de classificação ou esquema de arquivamento | Estado: danificado | Indisponível para empréstimo | Localização permanente | Localização atual | Data de aquisição | Total Checkouts | Número de Chamada completo | Código de barras | Date last seen | Número do exemplar | Preço efetivo a partir de | Tipo de item (Koha) | Nota pública |
|---|---|---|---|---|---|---|---|---|---|---|---|---|---|---|---|
| Classificação Decimal Universal | Biblioteca da Escola Superior de Contas do TCE/MT | Biblioteca da Escola Superior de Contas do TCE/MT | 28/06/2023 | 336.13:657.63 C759 | BIBTCEMT23080118 | 21/08/2023 | Ex. 1 | 21/08/2023 | Livros | 1. reimpr. 2018 | |||||
| Classificação Decimal Universal | Biblioteca da Escola Superior de Contas do TCE/MT | Biblioteca da Escola Superior de Contas do TCE/MT | 28/07/2023 | 336.13:657.63 C759 | BIBTCEMT23110332 | 09/11/2023 | Ex. 2 | 09/11/2023 | Livros | ||||||
| Classificação Decimal Universal | Biblioteca da Escola Superior de Contas do TCE/MT | Biblioteca da Escola Superior de Contas do TCE/MT | 22/11/2023 | 336.13:657.63 C759 | BIBTCEMT23110853 | 22/11/2023 | Ex. 3 | 22/11/2023 | Livros | ||||||
| Classificação Decimal Universal | Biblioteca da Escola Superior de Contas do TCE/MT | Biblioteca da Escola Superior de Contas do TCE/MT | 22/11/2023 | 336.13:657.63 C759 | BIBTCEMT23110854 | 22/11/2023 | Ex. 4 | 22/11/2023 | Livros |